00554nam a2200133Ia 450000500170000000800410001702000150005808200130007310000150008624500180010126000330011930000140015250002540016620240823010858.0240331s9999 xx 000 0 und d a0140444173 bTOLa800 aTolstoy, L 0aWar and peace aEnglandbPenguin Groupc1869 a1443 p ., aA complete picture of human life: a complete picture of the Russia of that day: a complete picture of everything in which people place their happiness and greatness, their grief and humiliation. that is war and peace. ' writes a contemporary critic.